Lecture notes on elementary topology and geometry
محفوظ في:
| المؤلفون الرئيسيون: | , |
|---|---|
| التنسيق: | كتاب |
| اللغة: | الإنجليزية |
| منشور في: |
Nueva York
Springer-Verlag
1967
|
| سلاسل: | Undergraduate Texts in Mathematics
|
| الموضوعات: | |
| الوسوم: |
إضافة وسم
لا توجد وسوم, كن أول من يضع وسما على هذه التسجيلة!
|
MARC
| LEADER | 00000cam a2200000 a 4500 | ||
|---|---|---|---|
| 001 | UCQ9625 | ||
| 003 | CL-VaPUC | ||
| 008 | 990112e19670000US |||||||||||||||||eng|d | ||
| 020 | |a 0387902023 | ||
| 082 | 0 | 4 | |a 514 |b SIN |2 21 |
| 100 | 0 | |a Singer, Isadore Manuel |e author |9 424287 | |
| 700 | 0 | |a Thorpe, John A |e author |9 424288 | |
| 245 | 1 | 0 | |a Lecture notes on elementary topology and geometry |
| 300 | |a 232 p | ||
| 942 | |c BK | ||
| 945 | |d 19990112 00:00:00 |a crobeson | ||
| 260 | |a Nueva York |b Springer-Verlag |c 1967 | ||
| 650 | 0 | |a Topología |9 260092 | |
| 650 | 0 | |a Topología algebraica |9 269858 | |
| 650 | 0 | |a Geometría diferencial |9 315147 | |
| 650 | 7 | |a MULTIFORMES |2 CL-VaPUC |9 424011 | |
| 650 | 7 | |a TEORIA DE LA HOMOLOGIA |2 CL-VaPUC |9 422809 | |
| 650 | 7 | |a GEOMETRIA RIEMANNIANA |2 CL-VaPUC |9 270151 | |
| 583 | |a last modification |c 20130430 01:38:00 |k Rodrigo Vera | ||
| 490 | 0 | |a Undergraduate Texts in Mathematics | |
| 999 | |c 278614 |d 278612 | ||
| 952 | |0 0 |1 0 |4 0 |6 514_000000000000000_SIN_1967 |7 0 |8 A |9 317256 |a BIBMAT |b BIBMAT |d 2019-11-20 |i 1316982 |o 514 SIN 1967 |p 1316982 |r 2025-01-07 |w 2019-11-20 |y BK |k MAT | ||
| 952 | |0 0 |1 0 |4 0 |6 514_000000000000000_SIN_1967 |7 0 |8 A |9 317257 |a BIBMAT |b BIBMAT |d 2019-11-20 |i 4969278 |o 514 SIN 1967 |p 4969278 |r 2025-01-07 |w 2019-11-20 |y BK |k MAT | ||